Best NBA Team Every Season - Statistics

General Stats
  • This quiz has been taken 7 times
  • The average score is 18 of 52
Answer Stats
Year Record Answer % Correct
2023 58-24 Milwaukee Bucks
100%
2016 73-9 Golden State Warriors
86%
2022 64-18 Phoenix Suns
86%
2017 67-15 Golden State Warriors
71%
2015 67-15 Golden State Warriors
71%
2014 62-20 San Antonio Spurs
71%
1996 72-10 Chicago Bulls
57%
2013 66-16 Miami Heat
57%
2008 66-16 Boston Celtics
43%
1993 67-15 Chicago Bulls
43%
2000 67-15 Los Angeles Lakers
43%
1972 69-13 Los Angeles Lakers
43%
2020 56-17 Milwaukee Bucks
43%
2019 60-22 Milwaukee Bucks
43%
2021 52-20 Utah Jazz
43%
1986 67-15 Boston Celtics
29%
1985 63-19 Boston Celtics
29%
1984 62-20 Boston Celtics
29%
1982 63-19 Boston Celtics
29%
1981 62-20 Boston Celtics
29%
1980 61-21 Boston Celtics
29%
1975 60-22 Boston Celtics
29%
1973 68-14 Boston Celtics
29%
1997 69-13 Chicago Bulls
29%
2010 61-21 Cleveland Cavaliers
29%
2009 66-16 Cleveland Cavaliers
29%
2006 64-18 Detroit Pistons
29%
1989 63-19 Detroit Pistons
29%
2018 65-17 Houston Rockets
29%
1988 62-20 Los Angeles Lakers
29%
1987 65-17 Los Angeles Lakers
29%
1977 53-29 Los Angeles Lakers
29%
1974 59-23 Milwaukee Bucks
29%
1983 65-17 Philadelphia 76ers
29%
1978 58-24 Portland Trail Blazers
29%
2003 60-22 San Antonio Spurs
29%
2001 58-24 San Antonio Spurs
29%
1999 37-13 San Antonio Spurs
29%
1998 62-20 Utah Jazz
29%
1979 54-28 Washington Bullets
29%
2012 50-16 Chicago Bulls
14%
2011 62-20 Chicago Bulls
14%
2007 67-15 Dallas Mavericks
14%
1976 59-23 Golden State Warriors
14%
2004 61-21 Indiana Pacers
14%
1990 63-19 Los Angeles Lakers
14%
2005 62-20 Phoenix Suns
14%
1992 62-20 Phoenix Suns
14%
1991 63-19 Portland Trail Blazers
14%
2002 61-21 Sacramento Kings
14%
1995 62-20 San Antonio Spurs
14%
1994 63-19 Seattle SuperSonics
14%
No matching quizzes found
Score Distribution
Percent of People with Each Score
Percentile by Number Answered
Your Score History
You have not taken this quiz